वळणाचे पाणी वळणावर (Record no. 406070)

MARC details
000 -LEADER
fixed length control field 00502nam a2200145Ia 4500
008 - FIXED-LENGTH DATA ELEMENTS--GENERAL INFORMATION
fixed length control field 100122s9999 xx 000 0 und d
082 ## - DEWEY DECIMAL CLASSIFICATION NUMBER
Item number 15957
Classification number 822
100 ## - MAIN ENTRY--PERSONAL NAME
Personal name धनवटे सुमतिदेवी
245 ## - TITLE STATEMENT
Title वळणाचे पाणी वळणावर
260 ## - PUBLICATION, DISTRIBUTION, ETC. (IMPRINT)
Name of publisher, distributor, etc परचुरे प्रक ाशन
Date of publication, distribution, etc 1963
300 ## - PHYSICAL DESCRIPTION
Extent 62
630 ## - SUBJECT ADDED ENTRY--UNIFORM TITLE
Uniform title वळणाचे पाणी वळणावर
730 ## - ADDED ENTRY--UNIFORM TITLE
Uniform title वळणाचे पाणी वळणावर
942 ## - ADDED ENTRY ELEMENTS (KOHA)
Koha item type Book
Holdings
Withdrawn status Lost status Damaged status Not for loan Home library Current library Date acquired Cost, normal purchase price Total Checkouts Full call number Barcode Date last seen Cost, replacement price Price effective from Koha item type Public note
        S.V. Pathak Library, Vile Parle S.V. Pathak Library, Vile Parle 10/29/1969 2.00   15957 SVPPARLE-15957 01/25/2010 2.00 01/25/2010 Book General NA